| 000 | 00799naa a2200217 i 4500 | ||
|---|---|---|---|
| 001 | 98761 | ||
| 003 | ES-MaBCM | ||
| 005 | 20241016130553.0 | ||
| 008 | 040707s2004 esp 000 0 spa d | ||
| 021 | _axx | ||
| 035 | _a(OCoLC)1365196878 | ||
| 040 | _cES-MaBCM | ||
| 041 | 0 | _aspa | |
| 043 | _aesp | ||
| 100 | 1 |
_aLipperheide, Verónica _926780 |
|
| 245 | 1 | 0 |
_aUn segundo diagnóstico sobre el estado del medio ambiente global _cVerónica Lipperheide |
| 520 | _aEstudia el libro de Bjorn Lomborg "El ecologiata escéptico".Mitos medioambientales. Energía nuclear y transgénicos. Cambio climático. | ||
| 650 | 2 | 7 |
_aProtección del medio ambiente _959954 |
| 773 | 0 |
_aEn: _tCuadernos de pensamiento político _dMadrid : 2004 _w105566 _gn. 3, jun.-sept., p. 183-192. - Loc. S.467 |
|
| 942 | _cAREV | ||
| 999 |
_c98761 _d98761 |
||